000 00291pam a2200121 a 4500
020 _c
041 _aeng
100 _aOliver Egbert .S.
245 _aAn Anthology American Literature 1890-1965
_hTextual Documents
260 _a[s.l]:
_bEurasia Publishing
300 _a595p.
930 _a15571
999 _c92471
_d92471